Normal view
MARC view
- المالية -تحليل
Entry Topical Term
001 - CONTROL NUMBER
- control field: 33417
003 - CONTROL NUMBER IDENTIFIER
- control field: JO-AjAnu
005 - DATE AND TIME OF LATEST TRANSACTION
- control field: 20230606075616.0
008 - FIXED-LENGTH DATA ELEMENTS
- fixed length control field: 230606|| aca||aabn | a|a d
040 ## - CATALOGING SOURCE
- Original cataloging agency: JO-AjAnu
- Transcribing agency: JO-AjAnu
150 ## - HEADING--TOPICAL TERM
- Topical term or geographic name entry element: المالية -تحليل
670 ## - SOURCE DATA FOUND
- Source citation: Work cat.: (JO-AjAnu)17167: الحيالي،وليد ناجي, author 33416, الاتجاهات الحديثة في التحليل المالي